000 01500cam a22004097a 4500
003 CHAP
005 20220329141846.0
008 980313d1992 mx a r 00110 spa d
010 _a74904
011 _a75876
035 _a85449
040 _cCHAP
090 _aTesis
100 0 0 _aVarela Palacios, Armando.
_9117940
245 1 0 _aFactores que afectan la calidad de semilla de Pinus ayacahuite Ehr. en el ejido Carrizal de Bravos, municipio Leonardo Bravo, Guerrero
_c/por Armando Varela Palacios
260 _aChapingo, Méx. :
_bEl autor,
_c1992.
300 _a78 h. :
_bilus.
502 _aTesis (Ing. Forestal con Orientación en Silvicultura) -- UACH. División de Ciencias Forestales
590 _aALEPH
_b10
_c20130110
_lUCH01
_h1422
590 _aBATCH-UPD
_b10
_c20130109
_lUCH01
_h2325
590 _aBATCH-UPD
_b10
_c20130110
_lUCH01
_h1701
590 _aBATCH-UPD
_b10
_c20130409
_lUCH01
_h1849
590 _aBATCH-UPD
_b10
_c20130410
_lUCH01
_h1049
590 _aBATCH-UPD
_b10
_c20130914
_lUCH01
_h1914
590 _aCONVERSION
_b10
_c20130109
_lUCH01
_h1341
650 1 4 _aPináceas
_xGerminación.
_988238
650 1 4 _aPináceas
_xGuerrero.
_988241
650 1 4 _aPináceas
_xPropagación.
_988260
650 1 4 _aPináceas
_xSemilla.
_988264
650 1 4 _aPinus ayacahuite.
_988320
650 1 4 _aSemillas
_xAnálisis.
_9103878
650 1 4 _aViveros forestales.
_9120100
901 _aBK
905 _aLilia Sánchez G.
942 _cTESIS
949 _bBC
_cTES
_d854491
_eTS1
_h25021
_i85449
_sb
999 _c74904
_d74904